| 000 | 00776nam a22002297a 4500 | ||
|---|---|---|---|
| 005 | 20260413152439.0 | ||
| 010 | _aENG-148250 | ||
| 020 |
_c400.00 _a9788119337293 |
||
| 035 | _aEN-131782 | ||
| 037 | _bDBAD | ||
| 082 |
_a006.76 _21 |
||
| 100 | _aBalamurugan, V. | ||
| 245 |
_aWeb Technologies/ _cV. Balamurugan...[et.al] |
||
| 250 | _a1 | ||
| 260 |
_aTamil Nadu, India _bShanlax Publications _c2023 |
||
| 270 |
_bTamil Nadu _aShanlax Publications, Vasantha Nagar, Madurai, Tamil Nadu _e625003 _mwww.shanlaxpublications.com _mpublisher@shanlaxpublications.com |
||
| 300 |
_a188p. _c25cm (pb) |
||
| 700 |
_aM. Nisha _eAuthor _968236 |
||
| 700 |
_aM.S Kavitha _eAuthor _968237 |
||
| 700 |
_aV. Krithika _eAuthor _988891 |
||
| 942 |
_2ddc _cEN _h006.76 _mBAL _e1 |
||
| 999 |
_c215874 _d215874 |
||